[Event "Moscow op2"]
[Site "Moscow"]
[Date "1995.??.??"]
[Round "5"]
[White "Kosyrev, Vladimir"]
[Black "Lazarev, Sergei G"]
[Result "1/2-1/2"]
[WhiteElo "2155"]
[BlackElo "2345"]

1.d4 Nf6 2.c4 e6 3.Nc3 Bb4 4.f3 c5 5.d5 Bxc3+ 6.bxc3 Qa5 7.Bd2 d6 8.e4 Nbd7
9.Qc2 Nb6 10.Bd3 Bd7 11.Bg5 Ba4 12.Qc1 Nfd7 13.dxe6 fxe6 14.f4 O-O 15.Nf3 Rae8
16.O-O Bc6 17.Qe1 Na4 18.Rc1 e5 19.f5 Ndb6 20.Qh4 Nb2 21.Bb1 N6xc4 22.Be7 Rxe7
23.Qxe7 Qd8 24.Qxd8 Rxd8 25.Rf2 a5 26.g4 Ba4 27.Bc2 Bxc2 28.Rcxc2 Nd1 29.Rfe2 Nde3
30.Rc1 Nxg4 31.Rb1 Rd7 32.Rb5 Nge3 33.Nd2 Kf7 34.Kf2 Nd1+ 35.Ke1 Nxc3 36.Rb3 Nxe2
37.Nxc4 Nd4 38.Rxb7 Rxb7 39.Nxd6+ Ke7 40.Nxb7 c4 41.Kd2 Nf3+ 42.Kc3 Nxh2
43.Nxa5 Ng4 44.Nxc4 Nf2 45.Nxe5 Nxe4+ 46.Kd4 Ng3 47.Kd5 Nxf5 48.a4 h5 49.a5 Kd8  1/2-1/2

[Event "Moscow op2"]
[Site "Moscow"]
[Date "1995.??.??"]
[Round "7"]
[White "Cherniak, Anton S"]
[Black "Kunin, Vitaly L"]
[Result "1-0"]
[WhiteElo "2255"]
[BlackElo "2040"]

1.d4 Nf6 2.c4 e6 3.Nc3 Bb4 4.f3 d5 5.a3 Bxc3+ 6.bxc3 O-O 7.e3 b6 8.cxd5 exd5
9.Bd3 Bb7 10.Ne2 c5 11.O-O Nc6 12.Ng3 Re8 13.Qc2 Rc8 14.Qf2 Na5 15.Rb1 cxd4
16.cxd4 Nc4 17.Re1 g6 18.h3 h5 19.Kh1 Kg7 20.Ne2 Qe7 21.Nf4 Qd6 22.Qg3 Red8
23.Bf5 h4 24.Qg5 Nh7 25.Nh5+ Kf8 26.Qh6+ Ke7 27.e4 gxf5 28.exd5+ Kd7 29.Qxh7 Bxd5
30.Qxf5+ Kc6 31.Nf6 Kb7 32.Bg5 Nxa3 33.Ra1 Nb5 34.Bf4 Nxd4 35.Qxc8+ Kxc8
36.Bxd6 Rxd6 37.Nxd5 Rxd5 38.Rxa7 Rd8 39.Ra8+ Kc7 40.Rxd8  1-0

[Event "JUG-ch sf (Women)"]
[Site "Nis"]
[Date "1995.??.??"]
[Round "?"]
[White "Relic, Rajna"]
[Black "Sekulovic, Dusica"]
[Result "1/2-1/2"]
[WhiteElo "2060"]
[BlackElo "2015"]

1.d4 Nf6 2.c4 e6 3.Nc3 Bb4 4.f3 d5 5.Qa4+ Nc6 6.e3 Bd7 7.Qc2 O-O 8.a3 Bxc3+
9.Qxc3 Re8 10.Bd3 e5 11.Ne2 exd4 12.exd4 dxc4 13.Bxc4 Bf5 14.O-O Nd5 15.Bxd5 Qxd5
16.Be3 Qe6 17.Kf2 Rad8 18.Nf4 Qd6 19.Rfe1 Ne7 20.Rac1 c6 21.Qc5 Qxc5 22.Rxc5 Bd7
23.g4 f6 24.Rc2 Kf7 25.Rce2 g5 26.Nd3 Nd5 27.Nc5 Bc8 28.Ne4 h6 29.Bd2 Re6
30.h4 Kg6 31.Rh1 Nf4 32.Bxf4 gxf4 33.h5+ Kf7 34.Rd1 Ree8 35.Rde1 Re6 36.Rd1 Ree8
37.Rde1 Re6 38.Rd1  1/2-1/2

[Event "CZE-ch"]
[Site "Olomouc"]
[Date "1995.??.??"]
[Round "?"]
[White "Neumann, Peter"]
[Black "Polak, Tomas"]
[Result "1-0"]
[WhiteElo "2145"]
[BlackElo "2420"]

1.d4 Nf6 2.c4 e6 3.Nc3 Bb4 4.f3 c5 5.d5 d6 6.e4 e5 7.Bd3 Bxc3+ 8.bxc3 Nbd7
9.Ne2 Nf8 10.g4 Ng6 11.h4 h5 12.g5 Ng8 13.Be3 N8e7 14.Qd2 Kd7 15.a4 Kc7 16.a5 Bd7
17.Ng3 Rc8 18.Kf2 Kb8 19.f4 exf4 20.Bxf4 Ne5 21.Bxe5 dxe5 22.Be2 Bg4 23.Bxg4 hxg4
24.Nf5 Ng6 25.a6 b6 26.Kg3 Rh7 27.Qe2 Nf4 28.Qxg4 g6 29.Ne3 Qd6 30.Ng2 Nh5+
31.Kh2 f5 32.exf5 e4+ 33.Kg1 gxf5 34.Qxf5 Re7 35.Rh3 Rce8 36.Qg4 Qg6 37.Re1 Ng7
38.Rhe3 Re5 39.Nf4 Qd6 40.Ng2 Qe7 41.Rf1  1-0

[Event "Komercni Banka op"]
[Site "Olomouc"]
[Date "1995.??.??"]
[Round "3"]
[White "Movsesian, Sergei"]
[Black "Machycek, Lubomir"]
[Result "1/2-1/2"]
[WhiteElo "2435"]
[BlackElo "2145"]

1.d4 Nf6 2.c4 e6 3.Nc3 Bb4 4.f3 d5 5.a3 Bxc3+ 6.bxc3 O-O 7.cxd5 exd5 8.e3 c5
9.Bd3 b6 10.Ne2 Ba6 11.O-O Bxd3 12.Qxd3 Nc6 13.e4 cxd4 14.cxd4 Qd7 15.Bg5 Ne8
16.Rfd1 Nc7 17.Rac1 Nd8 18.Bf4 Nde6 19.Bxc7 Nxc7 20.Nf4 Rac8 21.Rc2 dxe4
22.fxe4 Nb5 23.Rxc8 Rxc8 24.Nd5 Nc7 25.Ne3 Ne6 26.d5 Nc5 27.Qd4 f6 28.e5 fxe5
29.Qxe5 Re8 30.Qf4 Re4 31.Qf3 Qe8 32.Nf1 Qa4 33.Rd2 Rf4 34.Qe3 Qe4 35.Qxe4 Rxe4
36.Ng3 Re7 37.h4 g6 38.h5 Re3 39.Nf1 Rd3 40.hxg6 hxg6 41.Rxd3 Nxd3 42.Ne3 Kf7
43.Kf1 Ne5 44.Kf2 b5 45.Nc2 Ke7 46.Ke3 Kd6 47.Ke4 Nd7 48.Kd4 a5 49.Ne3 Nb6
50.g3 b4 51.axb4 axb4 52.Ng4 Nxd5 53.Ne5 b3 54.Nc4+ Ke6 55.Nb2 Ne7 56.Kc3 Nf5
57.g4 Ne3 58.Nd3 g5  1/2-1/2

[Event "HUN-ch U16"]
[Site "Paks"]
[Date "1995.??.??"]
[Round "?"]
[White "Csizmadia, Laszlo"]
[Black "Pergel, Laszlo"]
[Result "1-0"]
[WhiteElo "2185"]
[BlackElo "2145"]

1.d4 Nf6 2.c4 e6 3.Nc3 Bb4 4.f3 c5 5.d5 Nh5 6.g3 f5 7.e4 O-O 8.e5 Bxc3+ 9.bxc3 f4
10.Ne2 d6 11.Nxf4 Nxf4 12.Bxf4 dxe5 13.Bxe5 Nd7 14.Bd6 Re8 15.dxe6 Rxe6+
16.Kf2 Qf6 17.Bf4 Qxc3 18.Rc1 Qf6 19.Bh3 Ra6 20.Rc2 Nf8 21.Qd5+ Qf7 22.Qxf7+ Kxf7
23.Bxc8 Rxc8 24.Rd1 h6 25.Rd5 Ra4 26.Be5 b6 27.f4 Re8 28.Ke3 Re7 29.Kd3 Ra3+
30.Kd2 Rd7 31.Rxd7+ Nxd7 32.Bc3 Nf6 33.Kc1 Ne4 34.Kb2 Ra6 35.Be5 b5 36.cxb5 Ra5
37.Kb3 Rxb5+ 38.Kc4 Rb4+ 39.Kd5 a5 40.Rc4 Rxc4 41.Kxc4 g6 42.Kd5 Nd2 43.Bc3 Nf1
44.Bxa5 Nxh2 45.a4 g5 46.Bd2 gxf4 47.Bxf4 Ke7 48.a5 Kd7 49.a6 Kc8 50.Kc6  1-0

[Event "Pardubice op"]
[Site "Pardubice"]
[Date "1995.??.??"]
[Round "?"]
[White "Meister, Yakov"]
[Black "Ivanov, Timur"]
[Result "1-0"]
[WhiteElo "2450"]
[BlackElo "2385"]

1.d4 Nf6 2.c4 e6 3.Nc3 Bb4 4.f3 c5 5.d5 Nh5 6.g3 O-O 7.e4 f5 8.f4 Nf6 9.e5 Ne4
10.Bd2 Bxc3 11.Bxc3 Nxc3 12.bxc3 d6 13.Nf3 Nd7 14.Be2 Nb6 15.Qd2 Bd7 16.O-O Kh8
17.Rfe1 dxe5 18.Nxe5 exd5 19.cxd5 Ba4 20.c4 Nc8 21.Qc3 Be8 22.Bd3 Nd6 23.Nf3 h6
24.Re6 Kg8 25.Qe5 Rf6 26.Rxf6 Qxf6 27.Qxf6 gxf6 28.Re1 Bd7 29.Re7 Rd8 30.Nh4 Nc8
31.Re1 Nd6 32.Kg2 a6 33.Nf3 b5 34.Nd2 bxc4 35.Bxc4 Bb5 36.Bb3 Bd3 37.Rc1 c4
38.Nxc4 Bxc4 39.Rxc4 Nxc4 40.Bxc4 Rc8 41.Bxa6 Rc2+ 42.Kh3 Rxa2 43.Bd3 Rd2
44.Bxf5 Kf7 45.Be6+ Kg6 46.g4 h5 47.gxh5+ Kxh5 48.Kg3 Rd3+ 49.Kf2 Rd2+ 50.Ke3 Rxh2
51.d6 Kg6 52.d7 Rh8 53.f5+ Kg7 54.Kd4 Ra8 55.Kc5 Kf8 56.Kd6  1-0

[Event "Plzen opJ"]
[Site "Plzen"]
[Date "1995.??.??"]
[Round "4"]
[White "Neuman, Petr"]
[Black "Cvek, Robert"]
[Result "0-1"]
[WhiteElo "2155"]
[BlackElo "2285"]

1.d4 Nf6 2.c4 e6 3.Nc3 Bb4 4.f3 d5 5.a3 Bxc3+ 6.bxc3 c5 7.cxd5 Nxd5 8.Qd3 b6
9.e4 Ba6 10.Qc2 Bxf1 11.Kxf1 Ne7 12.dxc5 bxc5 13.Qa4+ Nbc6 14.Ne2 O-O 15.Be3 Ne5
16.Bxc5 Nd3 17.Qd4 Nxc5 18.Qxc5 f5 19.e5 Rc8 20.Qxa7 f4 21.Qd4 Nd5 22.Kf2 Qh4+
23.g3 Qh5 24.Nxf4 Rxf4 25.gxf4 Rxc3 26.Qe4 Qh4+ 27.Ke2 Rb3 28.Rac1 Rb2+ 29.Kd3 Qf2
30.Rhe1 Rb3+ 31.Kc4 Rxa3 32.Qc2 Qb6 33.Rb1 Rc3+  0-1

[Event "ISL-ch"]
[Site "Reykjavik"]
[Date "1995.??.??"]
[Round "9"]
[White "Bjarnason, Saevar"]
[Black "Karason, Askell O"]
[Result "1/2-1/2"]
[WhiteElo "2295"]
[BlackElo "2235"]

1.d4 Nf6 2.c4 e6 3.Nc3 Bb4 4.f3 c5 5.a3 Bxc3+ 6.bxc3 d6 7.e4 Nc6 8.Be3 Qa5
9.Qd2 O-O 10.Bd3 b6 11.a4 cxd4 12.cxd4 Ba6 13.Ne2 Rfc8 14.Kf2 Nb4 15.Bb1 Bxc4
16.Ra3 Nc6 17.Qc2 Ne7 18.g4 e5 19.Ng3 Qb4 20.Qc3 Qxc3 21.Rxc3 Ba6 22.Ra3 Nc6
23.Nf5 exd4 24.Nxd4 Nxd4 25.Bxd4 Nd7 26.Rd1 Ne5 27.h3 Kf8 28.f4 Nc4 29.Rc3 Bb7
30.g5 Na5 31.h4 Rxc3 32.Bxc3 Rc8 33.Bxa5 bxa5 34.Rxd6 Rc4 35.Ke3 Rxa4 36.Rd7 Rb4
37.Bc2 Ke8 38.Rc7 a4 39.Bxa4+ Rxa4 40.Rxb7 Ra3+ 41.Kd4 Ra4+ 42.Kd5 Ra5+ 43.Kc6 Ra4
44.Kd6 Ra6+  1/2-1/2

[Event "St Petersburg op"]
[Site "St Petersburg"]
[Date "1995.??.??"]
[Round "6"]
[White "Vulfson, Vladimir"]
[Black "Ionov, Sergey"]
[Result "0-1"]
[WhiteElo "2435"]
[BlackElo "2525"]

1.d4 Nf6 2.c4 e6 3.Nc3 Bb4 4.f3 d5 5.a3 Bxc3+ 6.bxc3 c5 7.cxd5 Nxd5 8.Qc2 O-O
9.e3 Nc6 10.Bd3 Qh4+ 11.g3 Qh5 12.Ne2 cxd4 13.cxd4 e5 14.e4 Ndb4 15.axb4 Nxb4
16.Qb3 Qxf3 17.Qxb4 Qxh1+ 18.Kd2 Qxh2 19.d5 Bg4 20.Qb2 f5 21.exf5 e4 22.Bb5 a6
23.Ke3 axb5 24.Rxa8 Rxa8 25.Nd4 Qxg3+ 26.Kxe4 Re8+ 27.Ne6 Qf3+ 28.Ke5 Bxf5
29.Qxb5 Qh5  0-1

[Event "St Petersburg-ch"]
[Site "St Petersburg"]
[Date "1995.??.??"]
[Round "8"]
[White "Sakaev, Konstantin"]
[Black "Kochyev, Alexander"]
[Result "1/2-1/2"]
[WhiteElo "2535"]
[BlackElo "2455"]

1.d4 Nf6 2.c4 e6 3.Nc3 Bb4 4.f3 c5 5.d5 b5 6.e4 bxc4 7.Bxc4 exd5 8.Bxd5 Nxd5
9.Qxd5 Nc6 10.Ne2 Ba6 11.Kf2 O-O 12.Rd1 Qb6 13.Be3 d6 14.Rab1 Rad8 15.Bg5 Rd7
16.Qf5 Qb7 17.Bf6 Ne7 18.Qg4 Ng6 19.Ng3 gxf6 20.Nd5 c4 21.Qxd7  1/2-1/2

[Event "AUS-ch"]
[Site "Sydney"]
[Date "1995.??.??"]
[Round "10"]
[White "Wallace, John Paul"]
[Black "Tao, Trevor"]
[Result "1-0"]
[WhiteElo "2345"]
[BlackElo "2420"]

1.d4 Nf6 2.c4 e6 3.Nc3 Bb4 4.f3 d5 5.a3 Bxc3+ 6.bxc3 b6 7.cxd5 exd5 8.e3 Bb7
9.Bd3 O-O 10.Ne2 c5 11.O-O Re8 12.Ng3 Nc6 13.Kh1 Rc8 14.Ra2 Na5 15.Re2 cxd4
16.cxd4 Nc4 17.e4 dxe4 18.fxe4 Ng4 19.h3 b5 20.Ree1 Nf6 21.Bg5 Qc7 22.Qf3 Re6
23.Nf5 Ne8 24.Bxc4 bxc4 25.d5 Re5 26.Qc3 Rxf5 27.Rxf5 Nd6 28.Bf4 Qd7 29.Bxd6 Qxd6
30.Ref1 f6 31.Rd1 Qd7 32.Rff1 h6 33.Rfe1 a5 34.Qxa5 c3 35.Rc1 c2 36.Re2 Qe7
37.Qb4 Qd7 38.Rexc2 Rxc2 39.Rxc2 f5 40.Rb2 Ba6 41.Qb8+ Kh7 42.Qe5  1-0

[Event "Szekszard op "]
[Site "Szekszard"]
[Date "1995.??.??"]
[Round "?"]
[White "Pesztericz, Laszlo"]
[Black "Bokros, Albert"]
[Result "0-1"]
[WhiteElo "2205"]
[BlackElo "2180"]

1.d4 Nf6 2.c4 e6 3.Nc3 Bb4 4.f3 d5 5.a3 Bxc3+ 6.bxc3 c5 7.e3 O-O 8.Bd3 Nc6
9.cxd5 Nxd5 10.Ne2 Qh4+ 11.g3 Qf6 12.O-O cxd4 13.cxd4 Nb6 14.Bb2 e5 15.Qc2 Qh6
16.dxe5 Nxe5 17.Bxh7+ Kh8 18.Be4 Qxe3+ 19.Kg2 Nec4 20.Bd4 Qh6 21.Nf4 Rd8
22.Qc3 Nd6 23.Rfd1 Bf5 24.Bxf5 Nxf5 25.Bf2 Rxd1 26.Rxd1 Rc8 27.Qb3 Qf6 28.Nh5 Qg6
29.g4 Nd6 30.Bd4 Ne8 31.Rd2 Kg8 32.Re2 Qd6 33.Qb5 Nc7 34.Qb2 f6 35.Ng3 Ncd5
36.Nf5 Qc7 37.Qa2 Qc4 38.Nd6 Qxe2+ 39.Qxe2 Nf4+ 40.Kf2 Nxe2 41.Bxb6 Rc2 42.Bxa7 Nd4+
43.Ke3 Nc6 44.Kd3 Ra2 45.Bc5 b6 46.Bxb6 Rxa3+ 47.Ke4 Ne5 48.h4 Nxf3 49.Bf2 Nd2+
50.Kd5 Rd3+ 51.Ke6 Rxd6+ 52.Kxd6 Ne4+ 53.Ke6 Nxf2 54.g5 fxg5 55.hxg5 Kh7
56.Kf5 Nd1  0-1

[Event "Travemuende op"]
[Site "Travemuende"]
[Date "1995.??.??"]
[Round "3"]
[White "Behrhorst, Frank"]
[Black "Gipslis, Aivars"]
[Result "1/2-1/2"]
[WhiteElo "2255"]
[BlackElo "2480"]

1.d4 Nf6 2.c4 e6 3.Nc3 Bb4 4.f3 d5 5.a3 Bxc3+ 6.bxc3 c5 7.e3 Nc6 8.cxd5 Nxd5
9.dxc5 Qa5 10.e4 Nc7 11.Be3 O-O 12.Qc2 e5 13.Bc4 Be6 14.Bxe6 Nxe6 15.Ne2 Ncd4
16.Bxd4 exd4 17.Qd2 dxc3 18.Qxc3 Qa6 19.Qb2 Nxc5 20.O-O Nd3 21.Qd4 Rfd8 22.Qe3 Nb2
23.Nf4 Nc4  1/2-1/2

[Event "Val Thorens op"]
[Site "Val Thorens"]
[Date "1995.??.??"]
[Round "?"]
[White "Etchegaray, Patrice"]
[Black "Tran Van Ti, Igor"]
[Result "1-0"]
[WhiteElo "2340"]
[BlackElo "1880"]

1.d4 Nf6 2.c4 e6 3.Nc3 Bb4 4.f3 c5 5.d5 b5 6.e4 bxc4 7.Bxc4 exd5 8.Bxd5 Nxd5
9.Qxd5 Nc6 10.Ne2 O-O 11.O-O Qb6 12.Be3 Ne7 13.Qd1 Rd8 14.Na4 Qf6 15.a3 Ba5
16.Bxc5 Ba6 17.b4 Bc7 18.Re1 Qg5 19.Qc1 Qh5 20.Ng3 Bxg3 21.hxg3 d6 22.Bd4 Bb5
23.Nc3 Bd7 24.Qe3 f5 25.Bxa7 fxe4 26.Qxe4 Re8 27.Bf2 Rac8 28.Qd4 d5 29.Re5 Nf5  1-0

[Event "LTU-ch"]
[Site "Vilnius"]
[Date "1995.??.??"]
[Round "2"]
[White "Sakalauskas, Vaidas"]
[Black "Piesina, Gintautas"]
[Result "0-1"]
[WhiteElo "2320"]
[BlackElo "2400"]

1.d4 Nf6 2.c4 e6 3.Nc3 Bb4 4.f3 c5 5.d5 Nh5 6.Nh3 f5 7.e4 O-O 8.exf5 exf5
9.Be2 Bxc3+ 10.bxc3 d6 11.O-O h6 12.Bd3 Nd7 13.f4 g6 14.Re1 Ndf6 15.Nf2 Re8
16.Bd2 Rxe1+ 17.Qxe1 Bd7 18.Qe2 Qa5 19.Rb1 b6 20.Qe7 Qxa2 21.g4 Re8 22.Qxd6 fxg4
23.Rd1 Bf5 24.Bxf5 gxf5 25.Qc7 Qxc4 26.d6 Qf7 27.Bc1 Nd7 28.Qxa7 g3 29.hxg3 Nxg3
30.Kh2 Ne4 31.Nxe4 Rxe4 32.Qa8+ Kh7 33.Qd5 Re2+ 34.Kg1 Qxd5 35.Rxd5 Re1+
36.Kf2 Rxc1 37.Rxf5 Kg6 38.Rd5 Rxc3 39.Rd1 h5 40.Re1 Rd3 41.Rb1 Kf6  0-1

[Event "LTU-ch"]
[Site "Vilnius"]
[Date "1995.??.??"]
[Round "4"]
[White "Sakalauskas, Vaidas"]
[Black "Slekys, Emilis"]
[Result "1-0"]
[WhiteElo "2320"]
[BlackElo "2340"]

1.d4 Nf6 2.c4 e6 3.Nc3 Bb4 4.f3 c5 5.d5 Nh5 6.Nh3 f5 7.e4 O-O 8.e5 d6 9.f4 g6
10.Ng5 Qe7 11.Be2 dxe5 12.fxe5 f4 13.Nf3 Bxc3+ 14.bxc3 b6 15.O-O Bb7 16.Ne1 exd5
17.Bxh5 gxh5 18.Qxh5 dxc4 19.Bxf4 Be4 20.Rd1 Nc6 21.Qe2 Bg6 22.Qxc4+ Kh8
23.Nf3 Na5 24.Qd5 Rfd8 25.Bg5 Rxd5 26.Bxe7 Rxd1 27.Rxd1 Bf5 28.Nh4 Be6 29.Rd6 Bxa2
30.Bf6+ Kg8 31.Rd7 Bb1 32.e6 Nc6 33.Rg7+ Kf8 34.e7+ Nxe7 35.Rxe7 a5 36.Nf3 Re8
37.Ra7 Re6 38.Be5 Bc2 39.Kf2 a4 40.Ke3 b5 41.Kf4 Rb6 42.Ng5 b4 43.cxb4 cxb4
44.Nxh7+ Bxh7 45.Rxh7 a3 46.Ra7  1-0

[Event "LTU-ch"]
[Site "Vilnius"]
[Date "1995.??.??"]
[Round "5"]
[White "Zukauskas, Kestutis"]
[Black "Novikov, Vitalij"]
[Result "1/2-1/2"]
[WhiteElo "2290"]
[BlackElo "2245"]

1.d4 e6 2.c4 Nf6 3.Nc3 Bb4 4.f3 d5 5.a3 Be7 6.e4 c5 7.cxd5 exd5 8.e5 Nfd7
9.Nxd5 cxd4 10.Nxe7 Qxe7 11.f4 f6 12.Nf3 Nc6 13.Bc4 Nb6 14.Bb5 Bd7 15.O-O O-O-O
16.Bxc6 Bxc6 17.Nxd4 fxe5 18.fxe5 Qxe5 19.Nxc6 Qc5+ 20.Nd4 Rxd4 21.Be3 Rxd1
22.Bxc5 Rxa1 23.Rxa1 Rd8 24.Rc1 Kb8 25.Rc2 Nc8 26.Be3 Rd5 27.Rd2 Rxd2 28.Bxd2 Kc7
29.Kf2 Kd6 30.Bc3 g6  1/2-1/2

[Event "EU-ch U18"]
[Site "Zagan"]
[Date "1995.??.??"]
[Round "2"]
[White "Neumann, Peter"]
[Black "Chernuschevich, Alexei"]
[Result "0-1"]
[WhiteElo "2155"]
[BlackElo "2325"]

1.d4 Nf6 2.c4 e6 3.Nc3 Bb4 4.f3 d5 5.a3 Be7 6.e4 dxe4 7.fxe4 e5 8.d5 Bc5
9.Be2 a5 10.Qd3 O-O 11.Qg3 Nbd7 12.Bh6 Ne8 13.Nf3 Ra6 14.Bg5 f6 15.Bd2 Nd6
16.Bd3 a4 17.Rc1 Ra8 18.Na2 f5 19.Bh6 Qe7 20.Bg5 Qf7 21.Qh4 f4 22.Be7 Nf5
23.exf5 Bxe7 24.Qh3 Nc5 25.Nxe5 Qf6 26.Ng4 Nxd3+ 27.Qxd3 Qxb2  0-1

[Event "Zalakaros op"]
[Site "Zalakaros"]
[Date "1995.??.??"]
[Round "1"]
[White "Pesztericz, Laszlo"]
[Black "Chernyshov, Konstantin"]
[Result "0-1"]
[WhiteElo "2125"]
[BlackElo "2510"]

1.d4 Nf6 2.c4 e6 3.Nc3 Bb4 4.f3 O-O 5.e4 Ne8 6.Bd3 f5 7.Be3 Qh4+ 8.g3 Qh5
9.f4 Qxd1+ 10.Rxd1 fxe4 11.Bxe4 Nd6 12.Bd3 b5 13.Nf3 Bb7 14.O-O Bxf3 15.Rxf3 bxc4
16.Bf1 Bxc3 17.bxc3 Rf5 18.Bg2 Na6 19.g4 Ra5 20.Rf2 Re8 21.d5 exd5 22.Rxd5 Rxd5
23.Bxd5+ Kf8 24.Bxa7 c6 25.Bg2 Nb5 26.Bd4 Nxd4 27.cxd4 Nb4 28.a3 Nd3 29.Rc2 d5
30.f5 Re1+ 31.Bf1 Ra1 32.Rc3 c5 33.dxc5 Nxc5 34.Kg2 Ra2+ 35.Kg1 Ne4 36.Bxc4  0-1

[Event "Zalakaros op"]
[Site "Zalakaros"]
[Date "1995.??.??"]
[Round "3"]
[White "Pesztericz, Laszlo"]
[Black "Czebe, Attila"]
[Result "0-1"]
[WhiteElo "2125"]
[BlackElo "2430"]

1.d4 Nf6 2.c4 e6 3.Nc3 Bb4 4.f3 d5 5.a3 Be7 6.e4 c5 7.cxd5 exd5 8.Bb5+ Nc6
9.Nge2 O-O 10.exd5 Nxd5 11.dxc5 Nxc3 12.Qxd8 Rxd8 13.Nxc3 Bxc5 14.Bg5 f6
15.Bh4 Bf5 16.Rd1 Nd4 17.Bc4+ Kh8 18.Bf2 Nc2+ 19.Kf1 Rdc8 20.Bd3 Bg6 21.Bxg6 hxg6
22.Bxc5 Rxc5 23.Rc1 Nxa3 24.Kf2 Rac8 25.Rcd1 Nc4 26.b4 R5c6 27.Nd5 Ne5 28.f4 Rc2+
29.Kg3 Nf7 30.Rhe1 Nh6 31.h3 Nf5+ 32.Kh2 Nh4 33.Ne3 Nf3+  0-1

[Event "Zaragoza op-A"]
[Site "Zaragoza"]
[Date "1995.??.??"]
[Round "4"]
[White "Etchegaray, Patrice"]
[Black "Jerez Perez, Alfonso"]
[Result "0-1"]
[WhiteElo "2335"]
[BlackElo "2350"]

1.d4 Nf6 2.c4 e6 3.Nc3 Bb4 4.f3 d5 5.a3 Bxc3+ 6.bxc3 c5 7.cxd5 Nxd5 8.Qd3 Nc6
9.e4 Nde7 10.Be3 O-O 11.f4 cxd4 12.cxd4 f5 13.Nf3 b6 14.Be2 Bb7 15.O-O Qd7
16.exf5 Nxf5 17.Bf2 Rad8 18.Rad1 Qd5 19.Rfe1 Nce7 20.Bf1 Ng6 21.Qd2 Nfe7
22.Be3 Qd6 23.Ne5 Bd5 24.Qf2 Rc8 25.Rc1 Rxc1 26.Bxc1 Qc7 27.Qg3 Nxe5 28.dxe5 Nf5
29.Qf2 Qd7 30.Bb2 Qa4 31.Bd3 Ne7 32.Bc1 Ng6 33.Bxg6 hxg6 34.Qg3 Kf7 35.Bb2 Rc8
36.h4 Rc2  0-1

[Event "Bad Woerishofen op"]
[Site "Bad Woerishofen"]
[Date "1996.??.??"]
[Round "6"]
[White "Dittmar, Peter"]
[Black "Bischoff, Klaus"]
[Result "1/2-1/2"]
[WhiteElo "2380"]
[BlackElo "2520"]

1.d4 Nf6 2.c4 e6 3.Nc3 Bb4 4.f3 d5 5.Qa4+ Nc6 6.a3 Be7 7.e3 O-O 8.f4 Nb8
9.c5 Ne8 10.Nf3 f5 11.Bd3 Nf6 12.O-O Ne4 13.Ne5 Nd7 14.Nxe4 fxe4 15.Be2 Nxe5
16.fxe5 Rxf1+ 17.Bxf1 Bd7 18.Qd1 Qe8 19.Qg4 Qf7 20.Be2 Rf8 21.Qg3 Qe8 22.Bd2 Bb5
23.Re1 Bxe2 24.Rxe2 Qb5 25.Qg4 Rf5 26.Rf2 g6 27.Bc3 Qd3 28.Qe2 Bh4 29.g3 Qxe2
30.Rxe2 Bg5 31.Bd2 Rf3 32.Kg2 h5 33.h4 Bh6 34.b4 Kg7 35.b5 g5 36.hxg5 Bxg5
37.a4 c6 38.bxc6 bxc6 39.Re1 Kg6 40.Rf1 Rxf1 41.Kxf1 Kf5 42.Kf2 Kg4 43.Kg2 Bd8
44.Be1 Bg5 45.Bd2 h4 46.gxh4 Bxh4 47.Bc3 a6  1/2-1/2

[Event "Barbera op"]
[Site "Barbera"]
[Date "1996.??.??"]
[Round "9"]
[White "Peric, Slavisa"]
[Black "Campos Moreno, Javier B"]
[Result "0-1"]
[WhiteElo "2365"]
[BlackElo "2485"]

1.d4 Nf6 2.c4 e6 3.Nc3 Bb4 4.f3 d5 5.a3 Bxc3+ 6.bxc3 c5 7.cxd5 Nxd5 8.dxc5 Qa5
9.e4 Ne7 10.Qb3 Qxc5 11.a4 O-O 12.Bb5 Rd8 13.Qb4 Qc7 14.Bg5 f6 15.Be3 Nec6
16.Qa3 Ne5 17.Kf2 Bd7 18.Be2 Rc8 19.Bd2 Na6 20.Nh3 Nc5 21.Nf4 Kf7 22.a5 g5
23.Nh3 Ncd3+ 24.Kf1 Bb5 25.Rd1 Rd8 26.Nf2 Nxf2 27.Kxf2 Bxe2 28.Kxe2 Qc4+
29.Kf2 Nd3+ 30.Kg3 Qc7+ 31.Kh3 Nf2+  0-1

[Event "Oberliga Bayern9596"]
[Site "Bayern"]
[Date "1996.??.??"]
[Round "?"]
[White "Kraeussling, Andreas"]
[Black "Fischer, Johann"]
[Result "0-1"]
[WhiteElo "2290"]
[BlackElo "2305"]

1.d4 Nf6 2.c4 e6 3.Nc3 Bb4 4.f3 d5 5.a3 Bxc3+ 6.bxc3 c5 7.cxd5 exd5 8.e3 Nc6
9.Bd3 O-O 10.Ne2 Re8 11.O-O b6 12.g4 c4 13.Bb1 h5 14.g5 Nh7 15.h4 g6 16.e4 dxe4
17.fxe4 Bg4 18.Be3 Ne5 19.dxe5 Qxd1 20.Rxd1 Bxe2 21.Rd5 Nf8 22.Bc2 Bg4 23.Ba4 Re7
24.Kf2 Bd7 25.Bxd7 Nxd7 26.Bd4 Rae8 27.Rd1 Nxe5 28.Bxe5 Rxe5 29.Rxe5 Rxe5
30.Rd8+ Kg7 31.Ke3 Ra5 32.Kd4 Rxa3 33.Kxc4 Ra1 34.Rd7 Re1 35.Re7 Kf8 36.Re5 Rh1
37.Kb5 Rxh4 38.Ka6 Rh3 39.Kxa7 Rxc3 40.Kxb6 h4 41.Rd5 Re3 42.Rd4 h3 43.Kc6 h2
44.Rd1 Rc3+ 45.Kb5 Rh3 46.Rh1 Ke7 47.Kc5 Ke6 48.Kd4 Kd6 49.e5+ Ke6 50.Ke4 Rh4+
51.Kf3 Kf5 52.Kg3 Kxg5 53.Rxh2 Rxh2 54.Kxh2 Kf4 55.e6 fxe6 56.Kg2 e5 57.Kf2 e4  0-1

[Event "Bern op"]
[Site "Bern"]
[Date "1996.??.??"]
[Round "3"]
[White "Ballon, Guenther Jan"]
[Black "Sokolov, Andrei"]
[Result "0-1"]
[WhiteElo "2245"]
[BlackElo "2580"]

1.d4 Nf6 2.c4 e6 3.Nc3 Bb4 4.f3 d5 5.a3 Bxc3+ 6.bxc3 c5 7.cxd5 Nxd5 8.dxc5 Qa5
9.e4 Ne7 10.Be3 O-O 11.Qb3 Qc7 12.Rd1 Nec6 13.f4 Nd7 14.Be2 b6 15.cxb6 axb6
16.Bf3 Nc5 17.Bxc5 bxc5 18.Ne2 Na5 19.Qa4 Ra7 20.e5 Bd7 21.Qe4 Bc6 22.Qd3 Ba4
23.Rd2 Qb6 24.Be4 h6 25.Qb1 Qxb1+ 26.Bxb1 Nc4 27.Ra2 Bb3 28.Ra1 Rxa3 29.Rxa3 Nxa3
30.Kf2 Bd5 31.Ng3 Nxb1 32.Rxb1 Ra8 33.Rb2 Ra3 34.Rc2 Bc6 35.Ne2 g5 36.fxg5 hxg5
37.c4 Kg7 38.Rc3 Ra2 39.Rg3 Kh6 40.h4 gxh4 41.Rg4 Kh5 42.Rg8 Be4 43.Ke3 Bg6
44.Rc8 Kg5 45.Rxc5 Bh5 46.Nc3 Rxg2 47.Ne4+ Kf5 48.Nd6+ Kg4 49.Rc8 Bg6 50.Rh8 h3
51.Ne4 Bxe4 52.Kxe4 h2 53.Rg8+ Kh3 54.Rh8+ Kg4 55.Kd4 Kg3 56.Kc5 Rg1 57.Kd6 h1=Q
58.Rxh1 Rxh1  0-1

[Event "Bern op"]
[Site "Bern"]
[Date "1996.??.??"]
[Round "3"]
[White "Maenner, Martin"]
[Black "Zuber, M."]
[Result "1/2-1/2"]
[WhiteElo "2110"]
[BlackElo "2055"]

1.d4 Nf6 2.c4 e6 3.Nc3 Bb4 4.f3 d5 5.e3 O-O 6.Bd3 b6 7.Ne2 Bb7 8.O-O Nbd7
9.Kh1 e5 10.Nxd5 Nxd5 11.cxd5 Bxd5 12.Qa4 Bd6 13.Bb5 Nf6 14.e4 Bb7 15.dxe5 Bxe5
16.f4 Bd6 17.e5 Ng4 18.Bc6 Bxc6 19.Qxc6 Bc5 20.Qf3 Qh4 21.h3 Nf2+ 22.Kh2 Rad8
23.Qg3 Qxg3+ 24.Nxg3 b5 25.Nf5 Rd3 26.b4 Bb6 27.a4 a6 28.axb5 axb5 29.Ra6 Ne4
30.Re1  1/2-1/2

[Event "Bern op"]
[Site "Bern"]
[Date "1996.??.??"]
[Round "9"]
[White "Maenner, Martin"]
[Black "Gast, Jonathan"]
[Result "0-1"]
[WhiteElo "2110"]
[BlackElo "2265"]

1.d4 Nf6 2.c4 e6 3.Nc3 Bb4 4.f3 d5 5.e3 O-O 6.Bd3 c5 7.Ne2 cxd4 8.exd4 dxc4
9.Bxc4 b6 10.O-O Bb7 11.Bg5 Be7 12.Qd3 Nc6 13.a3 Nd5 14.Be3 Ne5 15.dxe5 Nxe3
16.Rfc1 Bc5 17.Kh1 Qh4 18.Ne4 Rad8 19.Qb1 Bxe4 20.Qxe4 Qxe4 21.fxe4 Ng4 22.h3 Nxe5
23.b4 Be3 24.Rc2 Nxc4 25.Rxc4 Rd2 26.Ng1 Rfd8 27.Re1 Bf4 28.Rf1 g5 29.Rf3 Ra2  0-1

[Event "Bled op"]
[Site "Bled"]
[Date "1996.??.??"]
[Round "1"]
[White "Stojnic, Miodrag"]
[Black "Palac, Mladen"]
[Result "0-1"]
[WhiteElo "2090"]
[BlackElo "2545"]

1.d4 Nf6 2.c4 e6 3.Nc3 Bb4 4.f3 d5 5.a3 Bxc3+ 6.bxc3 c5 7.e3 O-O 8.Ne2 dxc4
9.Qa4 b6 10.Ng3 Nd5 11.Qxc4 Ba6 12.Qb3 Bxf1 13.Rxf1 Nc6 14.c4 Na5 15.Qc2 Ne7
16.dxc5 Rc8 17.Ne4 f5 18.Ng5 Rc6 19.Bd2 h6 20.Bxa5 bxa5 21.Nh3 Ng6 22.Nf2 Qh4
23.Ke2 Rxc5 24.g3 Qxc4+ 25.Qxc4 Rxc4 26.Rfc1 Rfc8 27.Nd3 Kf7 28.Rxc4 Rxc4
29.Kd2 Rc6 30.Rb1 Rb6 31.Rc1 Kf6 32.Rc5 Rb1 33.Rxa5 Rh1 34.Nf2 Rxh2 35.Ke1 Rg2
36.g4 fxg4 37.fxg4 Ne5 38.Kf1 Nc4 39.Ne4+ Kg6 40.Kxg2 Nxa5 41.Kf3 Nc4 42.a4 Kf7
43.Nc3 g5 44.Nb5 a6 45.Nc7 a5 46.Nb5 Ne5+ 47.Kg3 Ke7 48.Nd4 Kd6 49.Nb3 Nc6
50.e4 Ke5 51.Nc5 Kd4 52.Nxe6+ Kxe4 53.Ng7 Nd4 54.Kh3 Kd5 55.Kg3 Kc4 56.Kf2 Kb4
57.Ke3 Nc6 58.Nf5 Kxa4  0-1

[Event "POL-ch (Women)"]
[Site "Brzeg Dolny"]
[Date "1996.??.??"]
[Round "6"]
[White "Romaszko, Sylwia"]
[Black "Aksiuczyc, Monika"]
[Result "0-1"]
[WhiteElo "2050"]
[BlackElo "2120"]

1.d4 Nf6 2.c4 e6 3.Nc3 Bb4 4.f3 d5 5.a3 Bxc3+ 6.bxc3 c5 7.cxd5 Nxd5 8.Qd3 b6
9.e4 Ba6 10.c4 Nf6 11.d5 exd5 12.exd5 O-O 13.Bb2 Re8+ 14.Ne2 Nc6 15.Kf2 Ne5
16.Bxe5 Rxe5 17.Qc3 Qe7 18.Ng3 Re8 19.Bd3 g6 20.Ra2 Ng4+ 21.Kg1 Re1+ 22.Bf1 Bxc4
23.d6 Qe3+ 24.Qxe3 Nxe3 25.d7 Rd8 26.Kf2 Bxa2 27.Kxe1 Rxd7 28.Kf2 Nxf1 29.Rxf1 Rd2+
30.Kg1 Rd3 31.Ne4 f5 32.Nf6+ Kg7 33.Ne8+ Kf7 34.Nc7 Rxa3 35.Rd1 Be6 36.Rd8 c4
37.Re8 Bd7 38.Rh8 Ke7 39.Nd5+ Kd6 40.Nf6 c3 41.Rd8 c2 42.Rxd7+ Kc6  0-1

[Event "Cannes Martinez op"]
[Site "Cannes"]
[Date "1996.??.??"]
[Round "2"]
[White "Hochstrasser, Michael"]
[Black "Cebalo, Miso"]
[Result "0-1"]
[WhiteElo "2295"]
[BlackElo "2515"]

1.d4 Nf6 2.c4 e6 3.Nc3 Bb4 4.f3 c5 5.d5 Nh5 6.Nh3 Qh4+ 7.Nf2 Qxc4 8.e4 Bxc3+
9.bxc3 Qxc3+ 10.Bd2 Qa3 11.e5 Qb2 12.Ne4 Qxe5 13.Bc3 Qxd5 14.Qc2 O-O 15.Rd1 Qc6
16.g4 Nf4 17.Rd6 Qc7 18.Qd2 Ng6 19.h4 Nc6 20.Kf2 Nge5 21.Be2 f6 22.h5 h6
23.Rg1 Nd4 24.Bxd4 cxd4 25.Rc1 Qd8 26.Qxd4 Nf7 27.Bd3 b5 28.Rc5 Rb8 29.Kg2 Rb6
30.Rxb6 axb6 31.Rxc8 Qxc8 32.Nxf6+ gxf6 33.Qe4 f5  0-1